000 00595nam a2200241 a 4500
001 0001-1319
003 ELIB.Books
008 150728 2010 eng
020 _a051709374X
035 _a(ELIB.Books)0001-1474
092 _a291.4
_bLav
100 _aLavin, Edward J.
245 _aLife Meditations
260 _aNew York
_bWings Books
_c1993
300 _c18.5 Cm
500 _aDr. Min Oo
650 _aSpiritual Life/ Meditations
856 _nKBTS: Library
_uKBTS: Elib
942 _2ddc
_cBK
990 _a1
998 _cbat
_e2015-07-28
999 _c11319
_d11319